ARRUPE JESUIT UNIVERSITY

CORONAVIRUS -STOP THE SPREAD - CLEAN,DISINFECT,COVER

Aristotle on education (Record no. 36604)

MARC details
000 -LEADER
fixed length control field 00470nam a2200193Ia 4500
003 - CONTROL NUMBER IDENTIFIER
control field 0100
008 - FIXED-LENGTH DATA ELEMENTS--GENERAL INFORMATION
fixed length control field 130303s9999 xx 000 0 und d
040 ## - CATALOGING SOURCE
Transcribing agency ARRUPELIB
050 ## - LIBRARY OF CONGRESS CALL NUMBER
Classification number LB85.A7A31967
100 ## - MAIN ENTRY--PERSONAL NAME
Personal name Burnet, John
245 ## - TITLE STATEMENT
Title Aristotle on education
245 ## - TITLE STATEMENT
Remainder of title Extracts from the ethics and politics
260 ## - PUBLICATION, DISTRIBUTION, ETC. (IMPRINT)
Place of publication, distribution, etc Cambridge
260 ## - PUBLICATION, DISTRIBUTION, ETC. (IMPRINT)
Name of publisher, distributor, etc At the Univ. pr.
260 ## - PUBLICATION, DISTRIBUTION, ETC. (IMPRINT)
-- 1967
300 ## - PHYSICAL DESCRIPTION
Extent 141p
650 ## - SUBJECT ADDED ENTRY--TOPICAL TERM
Topical term following geographic name as entry element Social sciences -- Dictionaries
942 00 - ADDED ENTRY ELEMENTS (KOHA)
Koha issues (borrowed), all copies 6
Holdings
Withdrawn status Lost status Source of classification or shelving scheme Damaged status Not for loan Collection code Home library Current library Shelving location Date acquired Total Checkouts Full call number Barcode Date last seen Date checked out Copy number Price effective from Koha item type
    Library of Congress Classification     Main Collection ARRUPE LIBRARY ARRUPE LIBRARY   04/03/2013 16 LB85.A7A31967 46003050884 28/06/2018 19/02/2016 1 04/03/2013 Monograph ( Printed materials)

 

Arrupe Library. PO Box MP320 Mt Pleasant, Harare, Zimbabwe
263 242 745411|librarian@aju.ac.zw